| 000 | 00448nam a22001577a 4500 | ||
|---|---|---|---|
| 008 | 230616b |||||||| |||| 00| 0 eng d | ||
| 040 |
_aNational Science Library _cNational Science Library |
||
| 080 |
_a621.7(082.2) _bM5 |
||
| 245 | _aInnovations in materials processing | ||
| 260 |
_aLondon: _bPlenum Press, _c1985 |
||
| 300 | _a519p. | ||
| 650 | _aScience | ||
| 653 | _aMaterials | ||
| 700 | _aBruggeman, Gordon (Ed.) | ||
| 942 |
_2udc _cBK |
||
| 999 |
_c44130 _d44130 |
||